Оракулы веков. Этюды об исследователях Сибири
| Hovedforfatter: | |
|---|---|
| Corporate Authors: | , |
| Summary: | Книга посвящена жизни и деятельности исследователей XIX— XX вв., внесших достойный вклад в изучение природы и истории Сибири. Написана в виде отдельных этюдов, расположенных хронологически и взаимосвязанных как судьбами ученых, так и направлениями их деятельности. Использованы новые архивные материалы, в том числе из прежде закрытых фондов спецслужб. Книга рассчитана на историков и географов, учителей-краеведов, студентов, старшеклассников и всех интересующихся историей науки и Сибирского региона. |
| Sprog: | russisk |
| Udgivet: |
Новосибирск, Изд-во СО РАН, 2002
|
| Udgivelse: | 2-е изд., испр. и доп. |
| Fag: |
Бестужев
> Н. А.
> декабрист
> капитан-лейтенант
> 1791-1855
> Николай Александрович
> художник и литератор
Кропоткин
> П. А.
> российский политический деятель
> князь
> революционер
> теоретик анархизма
> географ и геолог
> 1842-1921
> Петр Алексеевич
Талько-Грынцевич
> Ю. Д.
> российский археолог
> этнограф
> 1850-1936
> Юлиан Доминикович
> врач
> поляк
Кузнецов
> А. К.
> российский революционер
> 1845-1928
> Алексей Кириллович
> сибирский краевед
> музейный деятель
|
| Format: | MixedMaterials Bog |
| KOHA link: | https://koha.lib.tpu.ru/cgi-bin/koha/opac-detail.pl?biblionumber=368064 |
MARC
| LEADER | 00000nam0a2200000 4500 | ||
|---|---|---|---|
| 001 | 368064 | ||
| 005 | 20241202160904.0 | ||
| 010 | |a 5769205407 | ||
| 035 | |a (RuTPU)RU\TPU\retro\25427 | ||
| 090 | |a 368064 | ||
| 100 | |a 20220330d2002 k y0rusy50 ca | ||
| 101 | 0 | |a rus | |
| 102 | |a RU | ||
| 105 | |a a z 001zd | ||
| 200 | 1 | |a Оракулы веков. Этюды об исследователях Сибири |f М. В. Константинов |g Читинский институт природных ресурсов СО РАН ; Забайкальский государственный педагогический университет им. Н. Г. Чернышевского | |
| 205 | |a 2-е изд., испр. и доп. | ||
| 210 | |a Новосибирск |c Изд-во СО РАН |d 2002 | ||
| 215 | |a 104 с. |c ил. | ||
| 317 | |5 63413507: КР-7604 |a Поступил в НТБ в 2021 г. в дар от семьи профессора ТПУ Л. П. Рихванова | ||
| 320 | |a Библиогр.: с. 88-101 | ||
| 330 | |a Книга посвящена жизни и деятельности исследователей XIX— XX вв., внесших достойный вклад в изучение природы и истории Сибири. Написана в виде отдельных этюдов, расположенных хронологически и взаимосвязанных как судьбами ученых, так и направлениями их деятельности. Использованы новые архивные материалы, в том числе из прежде закрытых фондов спецслужб. Книга рассчитана на историков и географов, учителей-краеведов, студентов, старшеклассников и всех интересующихся историей науки и Сибирского региона. | ||
| 600 | 1 | |a Бестужев |b Н. А. |c декабрист |c капитан-лейтенант |f 1791-1855 |g Николай Александрович |c художник и литератор |2 stltpush |3 (RuTPU)RU\TPU\pers\12668 | |
| 600 | 1 | |a Кропоткин |b П. А. |c российский политический деятель |c князь |c революционер |c теоретик анархизма |c географ и геолог |f 1842-1921 |g Петр Алексеевич |2 stltpush |3 (RuTPU)RU\TPU\pers\866 |9 387 | |
| 600 | 1 | |a Поляков |b И. С. |c русский путешественник-исследователь |c зоолог |f 1847-1887 |g Иван Семенович |2 stltpush |3 (RuTPU)RU\TPU\pers\15009 |9 5111 | |
| 600 | 1 | |a Черский |b И. Д. |c русский ученый |c исследователь Сибири |f 1845-1892 |g Иван Дементьевич |2 stltpush |3 (RuTPU)RU\TPU\pers\23548 |9 10265 | |
| 600 | 1 | |a Уваров |b А. С. |c русский граф, археолог, благотворитель |f 1825-1884/1885 |g Алексей Сергеевич |2 stltpush |3 (RuTPU)RU\TPU\pers\14818 |9 4995 | |
| 600 | 1 | |a Талько-Грынцевич |b Ю. Д. |c российский археолог |c этнограф |f 1850-1936 |g Юлиан Доминикович |c врач |c поляк |2 stltpush |3 (RuTPU)RU\TPU\pers\8721 | |
| 600 | 1 | |a Кузнецов |b А. К. |c российский революционер |f 1845-1928 |g Алексей Кириллович |c сибирский краевед |c музейный деятель |2 stltpush |3 (RuTPU)RU\TPU\pers\19101 | |
| 600 | 1 | |a Половинкин |b А. А. |c физико-географ, методист географии |f 1887-1955 |g Александр Александрович |c доктор географических наук, профессор, член-корреспондент АПН РСФСР |2 stltpush |3 (RuTPU)RU\TPU\pers\44181 | |
| 600 | 1 | |a Михно |b П. С. |c российский натуралист, географ |f 1867-1938 |g Петр Саввич |2 stltpush |3 (RuTPU)RU\TPU\pers\17374 |9 6425 | |
| 600 | 1 | |a Витковский |b Н. И. |c археолог-самоучка |f 1844-1892 |g Николай Иванович |2 stltpush |3 (RuTPU)RU\TPU\pers\47184 |9 22764 | |
| 600 | 1 | |a Птицын |b в. В. |c этнограф |c фольклорист |f 1858-1908 |g Владимир Васильевич |2 stltpush |3 (RuTPU)RU\TPU\pers\47185 | |
| 600 | 1 | |a Петри |b Б. Э. |c этнограф |c антрополог |f 1882-1937 |g Бернгард Эдуардович |2 stltpush |3 (RuTPU)RU\TPU\pers\47186 | |
| 606 | 1 | |a Краеведение |2 stltpush |3 (RuTPU)RU\TPU\subj\16068 |9 42256 | |
| 610 | 1 | |a история | |
| 610 | 1 | |a Сибирь | |
| 610 | 1 | |a исследователи | |
| 610 | 1 | |a Сибирский регион | |
| 610 | 1 | |a 19 век | |
| 610 | 1 | |a 20 век | |
| 610 | 1 | |a Библиотека Л. П. Рихванова | |
| 610 | 1 | |a дары библиотеке | |
| 675 | |a 908 |v 4 | ||
| 700 | 1 | |a Константинов |b М. В. |g Михаил Васильевич | |
| 712 | 0 | 2 | |a Российская академия наук |b Сибирское отделение |b Читинский институт природных ресурсов |c (1991-2003) |2 stltpush |3 (RuTPU)RU\TPU\col\14868 |9 26023 |
| 712 | 0 | 2 | |a Забайкальский государственный педагогический университет им. Н. Г. Чернышевского |c Чита |c 1997-2006 |2 stltpush |3 (RuTPU)RU\TPU\col\27944 |9 28965 |
| 801 | 1 | |a RU |b 63413507 |c 20220330 | |
| 801 | 2 | |a RU |b 63413507 |c 20220714 |g RCR | |
| 942 | |c BK | ||